| 000 | 00585nam a2200193Ia 4500 | ||
|---|---|---|---|
| 003 | GCL | ||
| 008 | 140319s9999 xx 000 0 ara d | ||
| 040 |
_aGCL / _cGCL |
||
| 082 | 0 | 4 |
_a418.02 _bج م |
| 100 | 1 | _aجورج مدبك | |
| 245 | 1 | 0 |
_aفى العربية الى الفرنسية: كيف نترجم بحثا او رسالة / _cجورج مدبك |
| 260 |
_a[S.N] : _bدار الراتب الجامعية |
||
| 300 | _a54 ص | ||
| 490 | _a | ||
| 650 | 0 | 4 | _aاللغة الفرنسية |
| 650 | 0 | 4 | _aاللغة العربية |
| 650 | 0 | 4 | _aالترجمة |
| 942 |
_2ddc _cBK |
||
| 999 |
_c47010 _d47010 |
||